000 00279nam a2200109Ia 4500
008 221009s9999 xx 000 0 und d
082 _a320/JAC
100 _aJacob, Happymon
_91814
245 4 _aThe Rise Fall and The Resurgence of The Taliban
260 _bSamskriti
942 _cBK
999 _c64887
_d64887